| 000 | 00962nam a22003137a 4500 | ||
|---|---|---|---|
| 001 | 0007483 | ||
| 003 | KOHA_MİRAKIL | ||
| 005 | 20260207001559.0 | ||
| 007 | ta | ||
| 008 | 090928b2002 enk |||gr||||#||||0|eng | | ||
| 020 | _a1856197212 | ||
| 040 |
_aTR-BiSEU _btur _cTR-BiSEU _erda |
||
| 041 | 0 | _aeng | |
| 044 | _cenk | ||
| 050 |
_aDA110 _b.A25 2002 |
||
| 100 | 1 | _aAckroyd, Peter. | |
| 245 | 1 |
_aAlbion : _bthe origins of the English imagination/ _cPeter Ackroyd ; Peter Ackroyd. |
|
| 264 | 1 |
_aLondon : _bChatto & Windus, c2002 _c2002 |
|
| 300 | _axxii, 516 sayfa: resimli | ||
| 336 |
_ametin _btxt _2rdacontent |
||
| 337 |
_aaracısız _bn _2rdamedia |
||
| 338 |
_acilt _bnc _2rdacarrier |
||
| 500 | _aKaynakça ve dizin var. | ||
| 650 | 0 |
_aEngland--Civilization. _918596 |
|
| 650 | 0 |
_aNational characteristics, English. _918597 |
|
| 650 | 0 |
_aEnglish literature--History and criticism. _918598 |
|
| 650 | 0 |
_aArts, English. _918599 |
|
| 942 |
_2lcc _cBK |
||
| 999 |
_c7461 _d7461 |
||